<?xml version="1.0" encoding="UTF-8"?>
<collection xmlns="http://www.loc.gov/MARC21/slim">
 <record>
  <leader>00808nam a22002175a 4500</leader>
  <controlfield tag="001">EHU.bham042185</controlfield>
  <controlfield tag="003">AR-BHAM</controlfield>
  <controlfield tag="005">20130823111845.0</controlfield>
  <controlfield tag="008">130507s2008##################000#0#####d</controlfield>
  <datafield tag="020" ind1=" " ind2=" ">
   <subfield code="a">9789872454906</subfield>
  </datafield>
  <datafield tag="082" ind1="3" ind2="2">
   <subfield code="a">323.82</subfield>
  </datafield>
  <datafield tag="245" ind1="0" ind2="0">
   <subfield code="a">Ciudad oblicua :</subfield>
   <subfield code="b">aproximaciones a temas e intérpretes de la entreguerra rosarina  /</subfield>
   <subfield code="c">Comp. Por Sandra Fernández, Oscar Videla</subfield>
  </datafield>
  <datafield tag="260" ind1=" " ind2=" ">
   <subfield code="a">Rosario :</subfield>
   <subfield code="b">La Quinta Pata &amp; Camino,</subfield>
   <subfield code="c">2008</subfield>
  </datafield>
  <datafield tag="300" ind1=" " ind2=" ">
   <subfield code="a">217 p.</subfield>
  </datafield>
  <datafield tag="653" ind1=" " ind2=" ">
   <subfield code="a">Rosario-argentina-historia de</subfield>
  </datafield>
  <datafield tag="653" ind1=" " ind2=" ">
   <subfield code="a">Historia argentina-historia regional-rosario</subfield>
  </datafield>
  <datafield tag="653" ind1=" " ind2=" ">
   <subfield code="a">Sociología regional argentina-rosario</subfield>
  </datafield>
  <datafield tag="653" ind1=" " ind2=" ">
   <subfield code="a">Política regional argentina-rosario</subfield>
  </datafield>
  <datafield tag="700" ind1="1" ind2=" ">
   <subfield code="a">Fernández, Sandra, comp.</subfield>
  </datafield>
  <datafield tag="700" ind1="1" ind2=" ">
   <subfield code="a">Videla, Oscar, comp.</subfield>
  </datafield>
  <datafield tag="859" ind1=" " ind2=" ">
   <subfield code="a">AR-BHAM</subfield>
   <subfield code="b">BIB. HUMANIDADES - General</subfield>
   <subfield code="h">323.82</subfield>
   <subfield code="i">C359</subfield>
   <subfield code="p">113.13</subfield>
   <subfield code="t">Ej.1</subfield>
  </datafield>
 </record>
</collection>
